| 000 | 00000nam 2200000za 4500 |
| 001 | 9.523645 |
| 003 | CaOODSP |
| 005 | 20240628084906 |
| 007 | ta |
| 008 | 150406|1994||||xxc||||| f|0| 0 fre d |
| 020 | |a0-662-60291-9 |
| 040 | |aCaOODSP|bfre |
| 041 | |aeng |
| 041 | |afre |
| 043 | |an-cn--- |
| 086 | 1 |aEn49-5/5-5 |
| 110 | 1 |aCanada. |bEnvironnement Canada. |bService de la protection de l'environnement. |
| 245 | 10|aEstimation des émissions des bateaux de plaisance au Canada / |cpar S. V. Yumlu. Publié par la Direction des secteurs industriels. |
| 260 | |aOttawa - Ontario : |bEnvironnement Canada. |c1994. |
| 300 | |aTexte français, viii, 14p. : |bréférences, tableaux ; |c28 cm. |
| 490 | 1 |aSérie de la Protection de l'environnement. Rapport|vSPE 5/AP/5 |
| 500 | |aN.B.: Le numéro de catalogue (En49-5/5-5F) et le numéro ISBN (0-662-60292-9) imprimés dans cette publication sont incorrects. |
| 546 | |aBilingue |
| 563 | |aCouverture souple |
| 691 | 07|aPollution atmosphérique|2gcpds |
| 720 | 1 |aYumlu, S. V. |
| 776 | 0#|tEstimation des émissions des bateaux de plaisance au Canada / |w(CaOODSP)9.939951 |
| 791 | |tEstimates of emissions from pleasure craft in Canada / |eeng|w(CaOODSP)9.523644 |
| 830 | #0|aSérie de la Protection de l'environnement. Rapport ;|vSPE 5/AP/5|w(CaOODSP)9.509285 |